000 00577nam a2200229Ia 4500
003 OSt
005 20220924151819.0
006 a|||||r|||| 00| 0
007 ta
008 220923b |||||||| |||| 00| 0 tel d
024 _a339255
037 _cTextual
040 _aARTS
_cARTS
_btel
041 _2tel
_atel
082 _aY15.2, 35L5
100 _aSaraswathi Devi Au.
_9225044
245 0 _aBharatha nari nadoo nedoo
260 _c1975
650 _aSOCIOLOGY
942 _hY15.2, 35L5
_cTEXL
_2CC
999 _c467774
_d467774